The calculus story : a mathematical adventure
Αποθηκεύτηκε σε:
| Κύριος συγγραφέας: | |
|---|---|
| Μορφή: | Βιβλίο |
| Γλώσσα: | English |
| Δημοσίευση: |
Oxford, United Kingdom :
Oxford University Press,
2017.
|
| Θέματα: | |
| Ετικέτες: |
Προσθήκη ετικέτας
Δεν υπάρχουν, Καταχωρήστε ετικέτα πρώτοι!
|
MARC
| LEADER | 00000nam a2200000 a 4500 | ||
|---|---|---|---|
| 001 | 1/115943 | ||
| 008 | 180221t2017####uk | ||| |||| ||eng|| | ||
| 020 | |a 9780198804543 | ||
| 040 | |a GR-MyUa |b gre |c GR-MyUa |e AACR2 | ||
| 041 | 0 | |a eng | |
| 082 | 7 | |a 515 |2 (23) | |
| 100 | 1 | |a Acheson, D. J. | |
| 245 | 1 | 4 | |a The calculus story : |b a mathematical adventure / |c David Acheson. |
| 260 | |a Oxford, United Kingdom : |b Oxford University Press, |c 2017. | ||
| 300 | |a viii, 192 σ. ; |c 21 εκ. | ||
| 504 | |a Περιέχει βιβλιογραφικές αναφορές και ευρετήριο. | ||
| 650 | 0 | |a Calculus |x History. | |
| 650 | 0 | |a Science |x History. | |
| 650 | 0 | |a Mathematical analysis |x History. | |
| 852 | |a INST |b SAMOS |e 20180221 |h 515 ACH |p 005300045210 |q 005300045210 |t BK |y 0 | ||
| 922 | |a 3ΕΛΗ |b 2017/12 |c Μεταπτυχιακό / Τμήμα Μαθηματικών |d Liberal Books | ||
| 970 | |a Γουβάλα |b Βάσω |z 21-02-2018 | ||